000 00557nam a2200193Ia 4500
999 _c15046
_d15046
003 OSt
005 20201116103337.0
008 190216s9999||||xx |||||||||||||| ||und||
020 _a0521687233
040 _coclc
082 _a428.24
_bMCC/E
100 _aMccarthy, Michael
_96382
245 0 _aEnglish Collocations In Use /
_cMichael Mccarthy ; Felicity O Dell
250 _a1st Ed.
260 _bCambridge Uty Press,
_c2005.
_aLondon:
300 _a190p
650 _aEnglish
942 _cBK
_2ddc
_h428.24
_iMCC/E
_k428.24
_mMCC/E